00769cam a22002057a 4500003000400000005001700004008004100021017004500062020001800107040002400125100003000149245004800179260002900227300005100256504003700307650006200344942000800406999001500414952013400429OSt20170512134137.0170512s2016 spca 001 0 spa|d aDL B 14974-2016bBiblioteca de Catalunya a9788416498512 aES-BaCBUbcatcCDMR1 aTorre, Toni de la,d1981-10aHistoria de las series c/ Toni de la Torre aBarcelona :bRoca,c2016 a671 p., [16] p. de làm. :bil. col. ;c23 cm aBibliografia p. 651-653. Índex 7aSèries televisivesxHistòria i crítica2lemac93804 cMON c7034d7034 00104070aCDMRbCDMRd2017-05-12eIntercanvig21.90l3m2oFo 8/3pCDMR17050008r2018-05-24s2018-05-03v21.90w2017-05-12yMON